World's Great scientists / (Record no. 199346)

MARC details
000 -LEADER
fixed length control field 00905nam a22002297a 4500
008 - FIXED-LENGTH DATA ELEMENTS--GENERAL INFORMATION
fixed length control field 081212t xxu||||| |||| 00| 0beng d
010 ## - LCCN (DPL NO)
LC control number B-756102-108 ENG-139868
020 ## - INTERNATIONAL STANDARD BOOK NUMBER
Terms of availability 350.00
International Standard Book Number 9788183822152
035 ## - SYSTEM CONTROL NUMBER
System control number B-756102-108
035 ## - SYSTEM CONTROL NUMBER
System control number EN-123400
037 ## - SOURCE OF ACQUISITION
Source of stock number/acquisition Lotus Press
040 ## - CATALOGING SOURCE
Language of cataloging English
082 ## - DEWEY DECIMAL CLASSIFICATION NUMBER
Classification number 921
100 ## - MAIN ENTRY--PERSONAL NAME
9 (RLIN) 3724
Personal name Gaupta, Sneha
245 ## - TITLE STATEMENT
Title World's Great scientists /
Statement of responsibility, etc by Sneha Gaupta
260 ## - PUBLICATION, DISTRIBUTION, ETC. (IMPRINT)
Place of publication, distribution, etc New Delhi
Name of publisher, distributor, etc Lotus Press
Date of publication, distribution, etc 2023
270 ## - ADDRESS
Address 4735/22 , Prakash Deep Building Ansari Road, Darya Ganj,
City New Delhi
Postal code 110002
300 ## - PHYSICAL DESCRIPTION
Extent 248p.
Dimensions 22cm (pbk)
600 ## - SUBJECT ADDED ENTRY--PERSONAL NAME
Personal name Baba Visakha Singh
General subdivision Biography.
9 (RLIN) 3725
942 ## - ADDED ENTRY ELEMENTS (KOHA)
Source of classification or shelving scheme Dewey Decimal Classification
Item type English Books
Call number suffix GUP
Classification part 921
Holdings
Withdrawn status Lost status Source of classification or shelving scheme Damaged status Not for loan Collection code Home library Current library Date acquired Source of acquisition Cost, normal purchase price Total Checkouts Total Renewals Full call number Barcode Date last seen Copy number Cost, replacement price Koha item type
    Dewey Decimal Classification     Non-fiction Ashok Vihar Ashok Vihar 20/12/2023 Lotus Press/198/27.12.23/41/23.11.23/1.12.23 350.00 1   GUP 921 B-756103 25/07/2024 2 350.00 English Books
    Dewey Decimal Classification     Non-fiction Bawana Bawana 20/12/2023 Lotus Press/198/27.12.23/41/23.11.23/1.12.23 350.00 2   GUP 921 B-756106 15/06/2026 5 350.00 English Books
    Dewey Decimal Classification     Non-fiction Central Jail Tihar Central Jail Tihar 20/12/2023 Lotus Press/198/27.12.23/41/23.11.23/1.12.23 350.00 1 1 GUP 921 B-756105 05/01/2026 4 350.00 English Books
    Dewey Decimal Classification     Non-fiction Central Library Central Library 20/12/2023 Lotus Press/198/27.12.23/41/23.11.23/1.12.23 350.00 1 1 GUP 921 B-756102 01/10/2024 1 350.00 English Books
    Dewey Decimal Classification     Non-fiction Narela Narela 21/03/2024 DBAD 350.00     GUP 921 EN-123400 21/03/2024 1 350.00 English Books
    Dewey Decimal Classification     Non-fiction RC3 Aruna Nagar RC3 Aruna Nagar 20/12/2023 Lotus Press/198/27.12.23/41/23.11.23/1.12.23 350.00     GUP 921 B-756108 20/12/2023 7 350.00 English Books
    Dewey Decimal Classification     Non-fiction Shahdara Branch Shahdara Branch 20/12/2023 Lotus Press/198/27.12.23/41/23.11.23/1.12.23 350.00 2   GUP 921 B-756107 30/11/2024 6 350.00 English Books
    Dewey Decimal Classification     Non-fiction Tri Nagar Tri Nagar 20/12/2023 Lotus Press/198/27.12.23/41/23.11.23/1.12.23 350.00     GUP 921 B-756104 20/12/2023 3 350.00 English Books

© Delhi Public Library
Hit Counter
free hit counter